Statistics for Corners of the Monaco GP Circuit

Click here to take the quiz!

General Stats

  • This quiz has been taken 23 times
  • The average score is 8 of 15

Answer Stats

Corner No.Answer% Correct
4Casino Square
88%
6The Hairpin
82%
9Tunnel
82%
17La Rascasse
76%
1Sainte Devote
71%
8Portier
65%
10 & 11Nouvelle Chicane
59%
12Tabac
53%
13 - 16Piscine
47%
2Beau Rivage
35%
3Massenet
35%
7Mirabeau Bas
35%
5Mirabeau Haute
35%
13Louis Chiron
24%
18 - 19Anthony Nogues
12%

Score Distribution

Percentile by Number Answered

Percent of People with Each Score

Your Score History

You have not taken this quiz